00619nam a22002057a 4500999001900000003000400019020001500023082001900038100001600057245003400073260004000107300001000147546001200157650002300169650003900192650004000231650001700271942001200288952011300300 c290338d290338OSt a8174888764 a657.97bKAP/HA aKapoor, D R aHandbook of cooperative audit aNew DelhibAnmol publicationsc1998 a171p. aEnglish aProcedure of audit aLegal aspects of cooperative audit aValuation of assets and liabilities aAudit report 2ddccBK 00102ddc40708GenaKAUCLVbKAUCLVcGENERALd2023-05-24l0o657.97 KAP/HAp232243r2023-05-24 00:00:00yBK